[Event "Politiken zt"]
[Site "Munkebo"]
[Date "1998.09.12"]
[Round "1.3"]
[White "Rodgaard, John"]
[Black "Olafsson, Helgi"]
[Result "1/2-1/2"]
[WhiteElo "2320"]
[BlackElo "2505"]
[Annotator "Ribli,Z"]
[PlyCount "115"]
[EventDate "1998.09.10"]
[EventType "k.o."]
[EventRounds "5"]
[EventCountry "DEN"]
[SourceTitle "CBM 067"]
[Source "ChessBase"]
[SourceDate "1998.11.30"]
[SourceVersion "2"]
[SourceVersionDate "1998.11.01"]
[SourceQuality "1"]

{[%mdl 576]} 1. c4 e5 2. e3 {Meines Erachtens kann Weiß so nicht auf
Eröffnungsvorteil spielen, vermeidet allerdings die Hauptvarianten.Ribli.} Nf6
3. Nc3 Bb4 4. Nge2 O-O 5. a3 Be7 {Schwarz hat zwar ein Tempo mit 3...Bb4 und 5.
..Be7 verloren, aber der weiße Springer steht auf e2 unglücklich.} (5... Bxc3
6. Nxc3 d5 7. cxd5 Nxd5 8. Qc2 c5 (8... Nc6 9. b4 (9. Bd3 Kh8 10. Nxd5 Qxd5 11.
O-O a5 12. Be4 Qd6 13. f4 exf4 14. Rxf4 Ne7 {1/2-1/2 Stankovic,D-Barlov,D/Bela
Crkva op 1983 (24)}) 9... Re8 10. Nxd5 Qxd5 11. Bb2 Bg4 12. f3 Be6 13. Bd3 h6
14. Be4 Qd7 15. O-O Bd5 16. Bf5 Be6 17. Bh7+ Kh8 18. Be4 Bd5 19. Bxd5 Qxd5 20.
f4 Rad8 21. Bc3 f6 22. a4 a5 23. bxa5 e4 24. Rab1 Ra8 25. Rb5 Qc4 26. Qb2 Qxa4
27. Bxf6 {1-0 Curtis,J-Tisadll,B/Canberra Doeberl-Cup 1996}) (8... Be6 9. Be2
Nxc3 10. bxc3 c5 11. c4 Nc6 12. O-O Qd7 13. Bb2 Rad8 14. Rad1 Rfe8 15. d3 Bg4
16. Rfe1 Bxe2 17. Qxe2 {1/2-1/2 Balashov,Y-Nikitin,A/Tomsk 1997/(17)}) 9. Bd3
Nxc3 10. dxc3 f5 11. O-O Be6 12. c4 Nc6 13. b3 a5 14. Rd1 Qg5 15. Bb2 Rae8 16.
Rd2 Bc8 17. Rad1 Re6 18. Bf1 Rh6 19. Rd5 f4 $13 {0-1 Franco,Z-Morozevich,A/
Pamplona 1995 (41)}) 6. d4 (6. Ng3 c6 (6... d5 7. cxd5 Nxd5 8. Bc4 c6 9. Qc2
Be6 10. b3 Re8 11. Bb2 Bf8 12. Nce2 Nf6 13. Bxe6 Rxe6 14. O-O Nbd7 15. f4 exf4
16. Nxf4 {1-0 Conquest,S-Farago,I/Neuwiel 1993 (40)}) (6... Re8 7. Be2 c6 8.
O-O d5 9. d4 exd4 10. exd4 Na6 11. c5 Nc7 12. f4 b6 {1/2-1/2 Bischoff,
K-Huebner,R/Munich 1990 (12)}) 7. d4 exd4 8. exd4 d5 9. Be2 dxc4 10. Bxc4 Nbd7
11. O-O Nb6 12. Bb3 Nbd5 13. Re1 Be6 14. Bg5 Re8 15. Bc2 Qd7 16. Qf3 h6 17. Bd2
Nxc3 18. bxc3 Qd5 19. Qd3 {1/2-1/2 Bezold,M-Lukacs,P/Gyula 1997 (30)}) (6. b4
$5) 6... exd4 7. Qxd4 {Jetzt verliert Weiß ein Tempo, aber sonst kommt 7...d5
mit Ausgleich.} (7. Nxd4 d5 8. cxd5 Nxd5 $11) 7... Nc6 8. Qd1 (8. Qd2 $2 Na5 {
[%cal Ra5b3,Rb3a1,Rb3d2,Ra5c4]} 9. Nd4 c5 $19) 8... Ne5 {Schwarz befreit
seinen c-Bauern, denn er plant ...c7-c6 nebst ...d7-d5.} (8... Re8 9. Nf4 Bd6 (
9... Bf8 10. Be2 g6 11. b3 Bg7 12. Bb2 d6 13. O-O Ne4 14. Rc1 a5 15. Ba1 Nc5
16. Ncd5 Ne5 17. b4 Ncd7 18. Qb3 {1-0 Martinovic,S-Lukacs,P/Sarajevo 1981 (47)}
) 10. Be2 Bxf4 11. exf4 d5 12. cxd5 Ne7 13. d6 Qxd6 14. Qxd6 cxd6 15. Nb5 Rd8
16. Be3 Ned5 17. Rd1 a6 18. Nc3 Be6 19. Nxd5 Nxd5 20. Bd2 Rac8 21. Bf3 Nc7 22.
Ba5 Bc4 23. Kd2 Re8 24. Rhe1 Rxe1 25. Rxe1 Nd5 26. Rc1 {1-0 Bezold,M-Lindgren,
F/26th Rilton Cup, Stockholm 1997 (45)}) 9. Nf4 c6 10. b3 (10. Be2 d6 11. O-O
a6 12. b3 b5 13. cxb5 axb5 14. Qc2 (14. Bb2 Bf5 15. a4 bxa4 16. Nxa4 Qb8 17.
Bd4 c5 18. Nxc5 Rxa1 19. Qxa1 dxc5 20. Bxe5 Qxb3 21. g4 Be4 22. g5 Ra8 23. Qd1
Qxd1 24. Rxd1 Ne8 25. Rd7 Kf8 26. h4 Rd8 27. Rxd8 Bxd8 28. f3 Bc6 29. Kf2 h6
30. Nd3 {1/2-1/2 Franco,X-Guerra/Pontevedra 1992 (30)}) 14... b4 15. Na4 bxa3
16. Bxa3 Ba6 17. Rfd1 {1/2-1/2 Hauchard,A-Miralles,G/Meribel 1998 (17)}) 10...
a6 11. Nd3 $11 d6 (11... Nxd3+ 12. Bxd3 d5 $11 {Schwarz hat vollen Ausgleich.
Es gibt sogar einige Schwächen in der weißen Stellung am Damenflügel.}) 12. Be2
(12. e4 Be6 $11 (12... b5 $13) (12... Nxd3+ 13. Bxd3 Be6 $11 (13... d5 14. cxd5
cxd5 15. exd5))) 12... Bf5 {[%csl Ye4,Gf5] Schwarz verhindert sofortiges e3-e4
und stellt den Läufer aktiv.} 13. O-O b5 {Die schwarze Stellung ist bequem.}
14. f3 Nfd7 (14... bxc4 $5 15. Nxe5 dxe5 16. Bxc4 {Zwar besitzt Weiß die
bessere Bauerstruktur, aber die schwarzen Figuren stehen aktiv.} Qb6 $36 (16...
e4 17. Qc2 {[%cal Gc2f5]})) 15. e4 Be6 16. Nf2 $5 {Weiß vermeidet den
Springertausch, um die Stellung zu verwickeln.} (16. Nf4 bxc4 17. Nxe6 fxe6 18.
bxc4 Nc5 $11 {[%csl Gc5,Ge5]}) 16... Bf6 (16... bxc4 $5 17. f4 cxb3 (17... Nd3
18. Bxd3 cxd3 19. f5) 18. fxe5 Nxe5 $13 {[%csl Gb3,Ge6][%cal Ge6b3] Schwar hat
drei Bauern für die Figur und sein Bauer b3 ist gefährlich.}) 17. Bd2 Ng6 (
17... bxc4 $5 18. f4 cxb3 19. fxe5 Bxe5 $13 {[%csl Gb3,Ge5,Ge6]}) 18. Rc1 (18.
cxb5 axb5 $15) 18... bxc4 19. f4 $13 {Weiß strebt nach Komplikationen.} (19.
bxc4 Nge5 $15 {[%csl Rc4]}) 19... cxb3 20. f5 {[%cal Rf5g6,Rf5e6]} Nc5 (20...
b2 $6 {Es ist noch zu früh für diesen Zug.} 21. Rb1 {[%csl Rb2]}) 21. fxe6 fxe6
{[%csl Gb3,Gc5][%cal Gf6c3,Gd4g1] Schwarz hat drei Bauern für die Figur und
steht trotz des weißen Läuferpaares stark. Der b3-Bauer ist stets gefährlich
und Schwarz übt eine spürbare Kontrolle über die schwarzen Felder aus.} 22. Bc4
Bd4 {[%csl Gd4,Rf2][%cal Gd4g1]} (22... b2 $5 23. Rb1 Ne5 24. Ba2 (24. Bb3 Rb8
(24... Qb6 25. Rxb2) 25. Rxb2 Nc4 $17 {[%cal Rc4b2,Gb8b2]}) 24... Rb8 $13) 23.
Be1 b2 24. Rb1 Qf6 $15 {[%csl Gd4,Gf6][%cal Rf6c3] Schwarz hat das bessere
Figurenspiel.} 25. Ne2 Be5 {[%csl Ge5]} 26. Ng3 d5 (26... Bxg3 27. hxg3 Qe5 {
[%csl Ge5][%cal Re5g3]} 28. Bb4 (28. Qc2 Qxg3 $40 {[%csl Rg1][%cal Gg6f4,Gg6h4]
}) 28... Nxe4 29. Nxe4 Qxe4 $15 {[%cal Re4c4]}) 27. exd5 (27. Ng4 Qg5) 27...
exd5 (27... cxd5 28. Ng4 Qg5 29. Nxe5 Nxe5 30. Bxd5 {Zugumstellung}) 28. Ng4
Qg5 (28... Qe6 $5 29. Bb4 (29. Nxe5 Nxe5) 29... Bxg3 30. Rxf8+ Nxf8 31. hxg3
dxc4 32. Bxc5 c3 {[%csl Gb2,Gc3]}) 29. Nxe5 Nxe5 (29... Qxe5 30. Ba2 Rxf1+ 31.
Nxf1 Nf4 $15 {[%csl Gc5,Ge5,Gf4]}) 30. Bxd5+ $1 {Weiß gibt die Figur zurück
und erreicht nach Vereinfachugen eine ausgeglichene Stellung.} cxd5 31. Qxd5+ {
[%csl Gd5]} Nf7 (31... Kh8 $5 32. Bd2 (32. Rxf8+ Rxf8 33. Qxc5 Nf3+ $19 {
[%cal Rg5c5,Rf3g1]}) 32... Qg6 33. Rxb2 $11 (33. Qxc5 Rxf1+ 34. Rxf1 b1=Q $19))
32. Qxg5 Nxg5 33. Rxf8+ Rxf8 34. Bb4 (34. Rxb2 Nd3 35. Re2 Nxe1 36. Rxe1 $11)
34... Rc8 35. Bxc5 (35. Nf5 {[%cal Rf5e7,Re7g8,Re7c8]} Rc7 (35... Kf7 36. Nd6+
{[%cal Rd6f7,Rd6c8]})) 35... Rxc5 36. Rxb2 $11 {Die Stellung ist einfach und
das Material reduziert. Alles andere als ein Remis wäre eine große
Überraschung.} h6 (36... Rc3 37. Rb8+ Kf7 38. Rb7+ $11) (36... Ra5 37. Rb3 $11)
37. Rb6 a5 (37... Ra5 38. Rb3 $11) 38. Ra6 Re5 39. Kf2 Ne6 (39... Kf7) 40. Ne2
Nc5 41. Ra7 (41. Rxa5 Nd3+) 41... Nd3+ 42. Kf1 Rf5+ 43. Kg1 Rc5 44. g3 (44. h3)
44... Ne5 45. h3 (45. Nd4 $5 {[%cal Rd4e6] Jetzt droht 46.Rxg7 nebst 47.Ne6+.})
45... Nc4 46. a4 (46. Nd4 Nxa3 47. Rxg7+ Kxg7 48. Ne6+ Kf6 49. Nxc5 Ke5 $15 {
Der entfernte Freibauer bietet dem Schwarzen die besseren Aussichten.}) 46...
Nb6 {[%cal Rb6a4]} 47. Nd4 Nxa4 48. Ne6 (48. Nb3 $2 Rc3 $15 {[%cal Rc3h3,Rc3b3]
}) 48... Re5 (48... Rc1+ 49. Kg2 {[%csl Ra5,Rg7][%cal Ra7g7]}) 49. Rxg7+ Kh8
50. Rg6 (50. Re7 {Droht 51.Re8 Kh7 52.Nf8+.} Kg8 51. Rg7+) 50... h5 (50... Kh7
51. Nf8+ Kh8 52. Rxh6+ Kg7 53. Nd7 (53. Rh4 Nb6 54. Nh7 a4 {[%csl Ga4]}) 53...
Rg5 $11) 51. Nf4 Kh7 52. Ra6 {[%csl Ga6,Gf4] Der schwarze Freibauer ist ohne
Bedeutung.} Nc3 53. Ra7+ Kh6 54. Ra6+ Kg7 (54... Kg5 55. Kf2 $11) 55. Ra7+ Kf6
56. Ra6+ Kf7 (56... Kf5 57. Nxh5 Ke4 {[%csl Ge4]}) 57. Ra7+ Ke8 58. Kg2 {
Und in dieser gleichen Stellung wurde Remis vereinbart.} 1/2-1/2

[Event "FRA-ch"]
[Site "Meribel"]
[Date "1998.08.25"]
[Round "12"]
[White "Hauchard, Arnaud"]
[Black "Kouatly, Bachar"]
[Result "1-0"]
[WhiteElo "2500"]
[BlackElo "2495"]
[Annotator "Ribli,Z"]
[PlyCount "55"]
[EventDate "1998.08.14"]
[EventType "tourn"]
[EventRounds "15"]
[EventCountry "FRA"]
[EventCategory "10"]
[SourceTitle "CBM 067"]
[Source "ChessBase"]
[SourceDate "1998.11.30"]
[SourceVersion "2"]
[SourceVersionDate "1998.11.01"]
[SourceQuality "1"]

{[%mdl 64]} 1. c4 Nf6 2. Nc3 e5 3. Nf3 e4 $6 {Dieser Zug gefällt mir nicht.
Meines Erachtens hat Schwarz keinen positionellen Grund für das Gambitspiel.
Ribli.} 4. Ng5 b5 5. d3 $1 {Dieser ruhige Zug bereitet dem Schwarzen
Eröffnungsprobleme.} (5. Nxb5 c6 6. Nc3 d5 $44) (5. cxb5 d5 $44) 5... bxc4 (
5... exd3 6. cxb5 h6 (6... dxe2 7. Bxe2 Bb7 8. O-O a6 9. bxa6 Bxa6 10. Re1 Be7
11. Nd5 Bxe2 12. Nxe7 Kxe7 13. Qb3 $16 {[%csl Re7] Und der schwarze Koenig
steht schlecht in der Mitte. Horvath,Jo - Sjoeberg,M.Gdynia,1984.}) 7. Nf3 dxe2
8. Bxe2 Bc5 9. O-O $14 {Weiß hat eine bequeme Stellung. Der Bauer b5 drückt
auf den Damenflügel.}) 6. dxe4 Bb7 (6... Nc6 7. e3 Bb4 (7... h6 8. Nf3 (8. Nh3
Bb4 9. Bd2 O-O 10. Bxc4 Bxc3 11. Bxc3 Nxe4 12. Qc2 Nxc3 13. Qxc3 a5 14. O-O Ba6
15. Bxa6 Rxa6 16. Rad1 d6 17. Nf4 Ne5 18. e4 Rc6 19. Qe3 {1-0 Melson,G-Stephan,
E/corr 1987 (31)}) 8... Bb4 9. Bxc4 Nxe4 10. Bxf7+ Kf8 11. Qc2 Qf6 12. Qxe4
Bxc3+ 13. bxc3 Qxc3+ 14. Nd2 Ba6 15. Bb2 Qxb2 16. Rb1 Qf6 17. Bc4 Re8 18. Qd3
Bxc4 19. Qxc4 Qd6 20. Nf3 Ne5 21. Nxe5 Qxe5 22. O-O {1-0 Rendboe,J-Brautsch,S/
Aarhus 1987 (31)}) 8. Bxc4 O-O 9. Bd2 (9. O-O h6 10. f4 hxg5 11. fxg5 Nh7 12.
g6 Ng5 13. gxf7+ Nxf7 14. Qh5 d5 15. Bxd5 Qe8 16. Rf4 Be7 17. Bd2 Rb8 18. Raf1
$44 {1-0 Jussupow,A-Raetenis,G/Vilnius 1978 (51)}) 9... h6 10. Nf3 Bxc3 11.
Bxc3 Nxe4 12. Qd3 $5 (12. Rc1 Rb8 13. b3 Nxc3 14. Rxc3 {Bagirov,V-Nei,I/USSR
1980} Qf6 15. Qd2 Ne5 16. Nxe5 Qxe5 17. O-O) 12... Nxc3 13. Qxc3 d5 14. Bb3 Ne7
15. O-O c6 16. Rac1 Ba6 17. Rfe1 Qb6 18. Ne5 Rfc8 19. e4 $1 Bb7 20. Qf3 f6 21.
Nd7 Qd8 22. Nc5 $16 {Voth,J-Williams,W/Corr 1990}) (6... h6 7. Nxf7 $1 Kxf7 8.
e5 c6 (8... d5 9. exf6 Be6 10. e3 Nc6 11. fxg7 Bxg7 12. Bxc4 dxc4 13. Qf3+ Bf6
14. Qxc6 Qd3 15. Qxc7+ Ke8 16. Bd2 Rd8 17. O-O-O Rd7 18. Qc6 Ke7 19. Nb5 {
1-0 Horvath,G-Biro,S/Balatonbereny 1994 (19)}) 9. exf6 Qxf6 10. e4 d5 11. exd5
Bc5 12. Be3 Re8 13. Be2 $6 (13. Qh5+ Kf8 14. Bxc4 Bxe3 15. fxe3 Rxe3+ 16. Be2
Re5 17. Rf1 Qxf1+ (17... Rf5 18. Rxf5 Bxf5 19. O-O-O) 18. Kxf1 Rxh5 19. Bxh5
cxd5 20. Nxd5 $18) 13... Bxe3 14. fxe3 Kg8 15. Qd2 Nd7 16. O-O-O {1-0 Psakhis,
L-Sermek,D/Groningen 1995 (50)}) 7. e5 h6 (7... Ng4 8. Qd4 Nh6 9. e4 Nc6 10.
Qxc4 g6 11. Nf3 Qe7 12. Nd5 Nxe5 13. Nxe5 Qxe5 14. Nxc7+ Kd8 15. Nxa8 Bxa8 16.
Bd2 Ng4 17. Be2 d5 18. Ba5+ {1-0 Janssen,R-Punteri,M/Tallin 1997 (18)}) 8. Nxf7
$1 {Das ist für die Englische Eröffnung kurios. Weiß beginnt schon im 8. Zug
mit konkreten Aktionen gegen den schwarzen König.} Kxf7 9. exf6 Qxf6 (9... gxf6
10. e4) 10. e4 {[%csl Rc4][%cal Rf1c4]} Qe6 11. Be2 {Weiß kann in Ruhe die
Entwicklung beenden. Die Probleme des Schwarzen mit seinem König bleiben.} Bb4
(11... Bc5 12. O-O) 12. O-O Bxc3 13. bxc3 {Weiß besitzt das Läuferpaar,
während der schwarze König keine Ruhe findet, hat er gute Angriffschancen.}
Bxe4 $2 {Schwarz hat eine sehr schwierige Stellung, so daß er mindestens
Material gewinnen möchte. In Wirklichkeit beschleunigt dieser Zug aber den
weißen Angriff.} (13... Re8 14. f3 {[%cal Ga1b1,Gb1b7]} (14. Bg4 Qf6 15. Bxd7
Rxe4 16. Rb1)) 14. Re1 $16 {[%cal Ge1e6]} Kg8 (14... Re8 15. Bh5+ g6 16. Bg4
Qe5 17. f3 Bc2 18. Rxe5 Bxd1 19. Rxe8 Kxe8 20. Bxh6 Ba4 (20... Bc2 21. Re1+ Kf7
22. Bf4 d6 23. Be6+ {[%cal Re6f7,Re6c4]}) 21. Re1+ Kf7 22. Re4 Bb5 23. Rf4+ Kg8
24. Rf8+ Kh7 25. Bf4 Bc6 26. Be5 Na6 27. Rxa8 Bxa8 28. Bxd7 $16) 15. Bg4 {
[%csl Re4][%cal Ge1e6]} (15. Qd4 $6 Nc6 16. Bxc4 Nxd4 17. Bxe6+ Nxe6 18. Rxe4
$11) 15... Qg6 {[#]} 16. Rxe4 $1 Qxe4 17. Bf3 {[%cal Rf3a8]} Qd3 18. Qxd3 cxd3
19. Bxa8 {Schwarz hat keinerlei Kompensation für die Minusfigur.} c6 20. Be3 {
[%cal Re3a7]} Kf7 21. Rd1 Ke6 (21... Na6 22. Bb7 {Dank 20.Be3 kann Schwarz
nicht 23...Nc5 spielen.}) 22. Bxa7 Kd5 {Auch die Aktivierung seines Königs
hilft dem Schwarzen nicht.} 23. Rxd3+ $18 Kc4 24. Rd6 Re8 (24... Na6 25. Bb7
$18) 25. g3 Kxc3 26. Bb7 Re1+ 27. Kg2 Rb1 28. Bc8 {Und Schwarz gab die
verlorene Stellung auf.} 1-0

[Event "Rimavska Sobota"]
[Site "Rimavska Sobota"]
[Date "1991.??.??"]
[Round "3"]
[White "Csom, Istvan"]
[Black "Molnar, Vojtech"]
[Result "1-0"]
[WhiteElo "2480"]
[BlackElo "2300"]
[Annotator "Ribli,Z"]
[PlyCount "91"]
[EventDate "1991.05.??"]
[EventType "tourn"]
[EventRounds "13"]
[EventCountry "CSR"]
[EventCategory "9"]
[SourceTitle "CBM 024"]
[Source "ChessBase"]
[SourceDate "1991.10.01"]
[SourceVersion "1"]
[SourceVersionDate "1991.10.01"]
[SourceQuality "1"]

1. c4 e5 2. g3 Nf6 3. Bg2 d5 4. cxd5 Nxd5 5. Nc3 Nb6 6. a3 Be7 {-> A 22 -> A 29
} (6... Bd6 $5 7. Nf3 O-O 8. O-O Re8 9. d3 Nc6 10. b4 a5 $13 {Vaganian,R-Kozul,
Z Bled/Rogaska Slatina 1991 CBM/24}) 7. b4 O-O 8. Nf3 f6 (8... Nc6 9. b5 Nd4
10. O-O Nxf3+ 11. Bxf3 a6 12. bxa6 Rxa6 13. d3 c6 14. Bb2 Be6 $13 {Uhlmann,
W-Degenhardt,H Frankfurt 1990 CBM/20}) 9. O-O Nc6 10. Bb2 Kh8 11. d3 Be6 12.
Ne4 Qd7 13. Rc1 $14 a6 14. Re1 Rad8 15. Qc2 Bh3 16. Bh1 Qg4 17. Nc5 Bxc5 18.
Qxc5 Rfe8 19. Qc2 h5 20. Nd2 h4 21. Nc4 Qg5 22. Qd2 Qh5 23. Nxb6 cxb6 24. Rc4
Nd4 25. Bxd4 exd4 26. Qf4 hxg3 27. hxg3 Qg4 28. Bxb7 Qxf4 29. gxf4 Bg4 30. Kf1
Bh3+ 31. Bg2 Bxg2+ 32. Kxg2 Rd6 33. Kf3 Kg8 34. Rec1 f5 35. Rc7 Rde6 36. R1c2
Rd6 37. Ra7 b5 38. Rcc7 Rg6 39. Rd7 Rc8 40. Rxd4 Rc3 41. Rd5 Rxa3 42. Rxf5 Rb6
43. Rg5 Ra4 44. Rgxg7+ Kf8 45. Rgf7+ Kg8 46. f5 1-0

[Event "Bundesliga 0001"]
[Site "Germany"]
[Date "2001.03.11"]
[Round "11.4"]
[White "Huebner, Robert"]
[Black "Lipinsky, Fabian"]
[Result "1-0"]
[WhiteElo "2615"]
[BlackElo "2362"]
[Annotator "Ribli,Z"]
[PlyCount "107"]
[EventDate "2000.10.14"]
[EventType "team-tourn"]
[EventRounds "15"]
[EventCountry "GER"]
[SourceTitle "CBM 082"]
[Source "ChessBase"]
[SourceDate "2001.05.17"]
[SourceVersion "1"]
[SourceVersionDate "2001.05.17"]
[SourceQuality "1"]
[WhiteTeam "Solingen"]
[BlackTeam "Koenig Tegel"]
[WhiteTeamCountry "GER"]
[BlackTeamCountry "GER"]

1. c4 c6 2. e4 {Auf diese Weise kann Weiß die heutzutage sehr beliebte
Slawische Verteidigung umgehen.} e5 (2... d5 {Meiner Meinung nach bietet
dieser Zug - mit Übergang zur Caro-Kann Verteidigung - Schwarz die besten
Chancen.}) 3. Nf3 Nf6 (3... d6 4. d4 Nf6 5. Nc3 Be7 6. Be2 $14 {Das ist eine
Grundstellung der Altindischen Verteidigung, in der Weiß - dank seines
Raumvorteils - die etwas besseren Chancen hat.}) 4. Nc3 Bb4 5. Nxe5 {Ich
möchte anmerken, dass wir ohne die Züge c2-c4 und c7-c6 eine Stellung der
Russischen Vereidigung (!) oder des Dreispringerspiels (nach 1.e4 e5 2.Nf3 Nf6
3.Nc3 Bb4 4.Nxe5) vor uns hätten. Dort wie in unserer Partie bekommt Weiß
Positionsvorteil, weil er sich das Läuferpaar verschaffen kann.} Qe7 (5... O-O
6. Be2 Re8 7. Nd3 Bxc3 8. dxc3 Nxe4 9. O-O d5 10. cxd5 Qxd5 11. Be3 Nd7 12. Nf4
$14 {Gheorghiu,F-Mednis,E/Riga izt/1979/INF28,36/}) 6. Nd3 {Dieser Springerzug
ist gut, aber das natürliche 6.Nf3 scheint mir noch besser.} (6. Nf3 Nxe4 7.
Be2 O-O 8. O-O f5 (8... Nf6 9. a3 Ba5 10. b4 Bc7 11. Re1 $16) 9. Qc2 d6 10. d3
Nf6 11. a3 Ba5 12. Re1 Qf7 13. Bf4 Rd8 14. b4 Bc7 15. Ng5 Qd7 16. Bf3 $14 {
0-1 Ribli,Z-Varga,Z/Pula 1999/EXT 2000 (35)}) 6... Nxe4 7. Qe2 (7. Be2 Ba5 8.
O-O O-O 9. Re1 d6 10. Bf3 Nxc3 11. dxc3 Qf6 12. Be4 Bb6 13. Qh5 g6 14. Bg5 Qe6
15. Qh6 Bd8 16. Bxd8 Rxd8 17. Nf4 Qf6 18. Nh5 Qh8 19. Qg5 $44 {1-0 Zaichik,
G-Izeta Txabarri,F/Euskadi 1991/EXT 97 (33)}) 7... Nxc3 8. dxc3 Qxe2+ (8... Ba5
9. Bf4 $16) (8... Bd6 9. c5 Bc7 10. Bg5 $14) 9. Bxe2 Be7 10. Bf4 (10. Be3 $6 d6
11. O-O-O Nd7 12. Bg4 O-O 13. Rhe1 Re8 14. Kc2 Kf8 $11 15. b3 a6 16. a4 Nf6 17.
Bxc8 Raxc8 18. a5 Bd8 {0-1 Kovacevic,V-Romanishin,O/Amsterdam 1973/MCD (54)})
10... d6 11. O-O-O O-O (11... Be6 12. Nb4 a5 13. Nc2 Na6 14. Bxd6 Bxd6 15. Rxd6
Rd8 16. Rd4 c5 17. Rxd8+ Kxd8 18. Ne3 $16 {Ribli. 1-0 Votava,J-Meduna,E/Lazne
Bohdanec 1995/CBM 45/[Ribli] (71)}) 12. Nb4 $14 {Weiß hat leichtes Übergewicht
- der schwarze Pd6 ist schwach, und Weiß besitzt Entwicklungsvorsprung.} Rd8 (
12... d5 13. cxd5 (13. Nc2 dxc4 (13... Be6 14. Nd4 $14) 14. Bxc4 $14) 13...
Bxb4 14. cxb4 cxd5 15. Bf3 $16 (15. Rxd5 Be6 16. Rb5 b6 {[%csl Rb5]} 17. Bf3
Nc6 18. Kb1 Rac8 19. Rd1 $14)) 13. Rd2 {[%csl Rd6][%cal Rh1d1,Rd1d6] Weiß
verfolgt eine einfache Strategie - er attackiert den Pd6.} g5 (13... d5 $6 14.
Rhd1 (14. Nc2 $14) 14... Bxb4 15. cxb4 $16) 14. Bg3 f5 15. f4 (15. h4 $5 $14)
15... Nd7 $1 {[%csl Ye4][%cal Gd7f6,Gf6e4][%mdl 256] Der Springer strebt nach
e4. Weiß kann nun nicht auf g5 schlagen, weil 16...Bxg5 mit Materialverlust
folgen würde..} 16. Rf1 {Weiß möchte durch 17.fxg5 Bxg5 18.Bf4 positionellen
Vorteil erreichen.} (16. Re1 $1 Nc5 17. Bf3 $14) 16... Nf6 17. fxg5 $6 (17. Bd3
$5 Ne4 (17... g4 18. Re1 Bf8 19. h3 $16) 18. Re2 d5 19. Nc2 $14 (19. fxg5 Nxg3
20. hxg3 Bxg5+ 21. Kb1 (21. Kc2 $2 a5 {[%csl Rb4]}) 21... dxc4 22. Bxc4+ Kg7
$11)) 17... Ne4 $132 18. Rd3 Be6 $1 (18... Bxg5+ 19. Bf4 $14) 19. Bf4 (19. b3
a5 20. Nc2 a4 $132) 19... Bxc4 20. Re3 Be6 (20... Bxe2 21. Rxe2 d5 22. Nc2 $14
{[%cal Gc2d4,Gd4f5,Gc2e3,Ge3f5]}) 21. h4 c5 $13 {[%csl Ge4] Die weißen Bauern
am Königsflügel sind stark, aber der schwarze Ne4 steht ausgezeichnet. Zudem
verfügt Schwarz über eine starke Bauernmasse im Zentrum.} 22. Nc2 d5 {[%csl
Gc5,Gd5]} 23. Be5 {[%csl Ge5]} Bd6 (23... d4 $5 24. cxd4 cxd4 (24... Rac8 25.
d5 Rxd5 (25... Bxd5 26. Rxf5 $16) 26. Bc4 Rxe5 27. Rxf5 $1 $18) 25. Bxd4 (25.
Nxd4 Rac8+ 26. Nc2 (26. Kb1 Nd2+ $19 {[%cal Rd2b1,Rd2f1]}) 26... Bc5 $17) 25...
Rac8 $44 {[%csl Rc1]}) 24. Bxd6 (24. Bf6 Rf8 $13) 24... Rxd6 25. Ref3 (25. Rd1
Rad8 $13) 25... d4 26. c4 (26. cxd4 cxd4 27. Bd3 Rc8 {[%cal Gc8c1]} 28. Kd1
Bxa2 29. Rxf5 Nc5 $17 (29... Ng3 30. Rf6 $13)) 26... b5 $1 27. Na3 (27. cxb5 c4
$44 {[%csl Gc4,Gd4]}) 27... b4 (27... a6 28. cxb5 axb5 29. Nxb5 Rd7 30. a3 c4
$44) 28. Nb1 (28. Nc2 {[%cal Gc2e1,Ge1d3]}) 28... Ra6 29. a3 (29. Bd3 Nd6 $15 (
29... Rxa2 30. g4 Nd6 31. gxf5 Bxc4 $13)) 29... Rb8 $15 {Schwarz entwickelt
spürbar positionellen Druck am Damenflügel.} 30. Rb3 Rab6 31. Rf4 (31. axb4
cxb4 (31... Rxb4 32. Rxb4 Rxb4 33. Na3 Ng3 34. Re1 Nxe2+ 35. Rxe2 Bxc4 36. Re5
$132) 32. Nd2 Nc5 $15 {[%csl Gc5]}) 31... bxa3 $6 (31... a5 $5 $15) 32. Rxb6
Rxb6 33. Nxa3 Rb3 34. Rf3 $11 Re3 (34... Rxf3 $6 35. gxf3 $14) (34... Rb4) 35.
Kd1 (35. Rxe3 dxe3 36. Kc2 f4 $15) 35... Ng3 36. Bd3 f4 (36... Bd7 {[%cal
Gd7c6,Gc6g2]} 37. Kd2 Rxf3 38. gxf3 Bc6 39. f4 $11) 37. Kd2 Nh5 $6 (37... Rxf3
38. gxf3 Bd7 39. Nb5 Bc6 (39... Bxb5 40. cxb5) 40. Nc7 Bxf3 41. Ne6 $14) 38.
Nb5 $14 {[%csl Gb5][%cal Gb5d6,Gb5c7] Schwarz kann seine Stellung am
Königsflügel nicht verbessern, der weiße Springer hingegen findet am
Damenflügel zurück ins Spiel.} Bg4 39. Rf2 Re7 (39... a5) 40. Nd6 Re5 41. Rf1
$16 {[%cal Rf1a1,Ra1a7]} (41. Ne4) 41... Ng3 {Schwarz opfert einen Bauern für
Aktivität, bekommt dafür aber keine ausreichende Kompensation.} 42. Rxf4 Be2
43. Nf7 Re7 44. Nh6+ Kg7 (44... Kh8 $2 45. Rf8+ Kg7 46. Rg8#) 45. Nf5+ {
Mit diesem Abtausch der Leichtfiguren wickelt Weiß in ein überlegenes Endspiel
ab.} Nxf5 46. Rxf5 Bxd3 47. Kxd3 {[%mdl 4096]} Re3+ 48. Kd2 Re4 (48... Rg3 49.
Rxc5 Rxg2+ 50. Kd3 Rxb2 51. Rc7+ Kg6 52. Rxa7 $18) (48... Rb3 49. Kc2 Rg3 50.
Rxc5 Rxg2+ 51. Kd3 $18) 49. h5 $18 {Weiß hat in diesem Turmendspiel einen
Bauern mehr. Zudem kann Schwarz den Pc5 nicht halten, dadurch wird auch der
Pd4 noch schwach.} Rh4 (49... Rg4 50. Rxc5 Rxg2+ 51. Kd3 Rxb2 52. Rc7+ $18) 50.
h6+ Kg6 51. Rxc5 Rg4 52. b4 Rxg2+ 53. Kd3 Rg4 54. b5 1-0